Learning Resource and Development

Computer security : (Record no. 28015)

MARC details
000 -LEADER
fixed length control field 01230nam a2200289 i 4500
003 - CONTROL NUMBER IDENTIFIER
control field CSPC
005 - DATE AND TIME OF LATEST TRANSACTION
control field 20241205154937.0
008 - FIXED-LENGTH DATA ELEMENTS--GENERAL INFORMATION
fixed length control field 240809s2019 nyua bi 001 0 eng d
020 ## - INTERNATIONAL STANDARD BOOK NUMBER
International Standard Book Number 9781682857458
040 ## - CATALOGING SOURCE
Transcribing agency CSPC
Original cataloging agency CSPC
Language of cataloging eng
Description conventions rda
050 04 - LIBRARY OF CONGRESS CALL NUMBER
Classification number QA76.9.A25
082 04 - DEWEY DECIMAL CLASSIFICATION NUMBER
Classification number 005.8
Item number W97c
Edition number 23
100 1# - MAIN ENTRY--PERSONAL NAME
Personal name Wyatt, Dariel,
Relator term author.
245 10 - TITLE STATEMENT
Title Computer security :
Remainder of title principles and practice /
Statement of responsibility, etc. Daniel Wyatt.
264 #1 - PRODUCTION, PUBLICATION, DISTRIBUTION, MANUFACTURE, AND COPYRIGHT NOTICE
Place of production, publication, distribution, manufacture Forest Hills, NY :
Name of producer, publisher, distributor, manufacturer Willford Press,
Date of production, publication, distribution, manufacture, or copyright notice 2019.
300 ## - PHYSICAL DESCRIPTION
Extent vi, 271 pages :
Other physical details illustrations ;
Dimensions 26 cm.
336 ## - CONTENT TYPE
Source rdacontent
Content type term text
337 ## - MEDIA TYPE
Source rdamedia
Media type term unmediated
338 ## - CARRIER TYPE
Source rdacarrier
Carrier type term volume
504 ## - BIBLIOGRAPHY, ETC. NOTE
Bibliography, etc. note Includes bibliographical references and index.
505 0# - FORMATTED CONTENTS NOTE
Formatted contents note Introduction to computer security -- Computer security: access control principles -- Fundamental steps in computer security -- Network and internet security -- Malicious software: computer threats -- Computer security software.
650 #0 - SUBJECT ADDED ENTRY--TOPICAL TERM
Topical term or geographic name entry element Computer security.
650 #0 - SUBJECT ADDED ENTRY--TOPICAL TERM
Topical term or geographic name entry element Computer networks
Form subdivision Security measures.
650 #0 - SUBJECT ADDED ENTRY--TOPICAL TERM
Topical term or geographic name entry element Data protection.
942 ## - ADDED ENTRY ELEMENTS (KOHA)
Source of classification or shelving scheme Dewey Decimal Classification
Suppress in OPAC No
Koha item type Books
Classification part 005.8
Item part W97c
Call number prefix CIR
Call number suffix 2019
Edition 23
Holdings
Withdrawn status Lost status Source of classification or shelving scheme Damaged status Not for loan Home library Current library Shelving location Date acquired Total Checkouts Full call number Barcode Date last seen Copy number Price effective from Koha item type
    Dewey Decimal Classification     Main Library Main Library Circulation Section 08/09/2024   CIR 005.8 W97c 2019 028065 08/09/2024 1-4 08/09/2024 Books
    Dewey Decimal Classification     Main Library Main Library Circulation Section 12/05/2024   CIR 005.8 W97c 2019 028635 12/05/2024 2-4 12/05/2024 Books
    Dewey Decimal Classification     Main Library Main Library Circulation Section 12/05/2024   CIR 005.8 W97c 2019 028636 12/05/2024 3-4 12/05/2024 Books
    Dewey Decimal Classification     Main Library Main Library Circulation Section 12/05/2024   CIR 005.8 W97c 2019 028637 12/05/2024 4-4 12/05/2024 Books